| 000 | 00746nam a2200277Ia 4500 | ||
|---|---|---|---|
| 003 | OSt | ||
| 005 | 20221007100811.0 | ||
| 006 | a|||||r|||| 00| 0 | ||
| 007 | ta | ||
| 008 | 221006b |||||||| |||| 00| 0 eng d | ||
| 024 | _a5,182 | ||
| 037 | _cTextual | ||
| 040 |
_aLCO _cLCO _beng |
||
| 041 |
_2eng _aeng |
||
| 082 | _aX7291:(Z), L0 | ||
| 100 |
_aAgarwala S.K. _9438108 |
||
| 245 | 0 | _aLaw and Practice relating to Central Sales Tax Act | |
| 250 | _a6th | ||
| 260 |
_aAllahabad _bCentral Law Agency India _c1970 |
||
| 300 | _avarious | ||
| 490 | _vVol.- 11 | ||
| 500 | _aAct No. 74 of 1956 | ||
| 650 |
_aSALE TAX _9702125 |
||
| 942 |
_hX7291:(Z), L0 _cTEXL |
||
| 999 |
_c1174745 _d1174745 |
||